000
00324 a2200109 4500
001
ART_30616
005
20260410162002.0
008
260409a
245
1
0
_a
Un material conservador de energía
100
1
_a
Rodríguez Vidal, Raúl
773
0
_t
Foro económico
_g
- Año III, Nº 4 (mayo 1997)
_w
REV30369
999
_c
31420
_d
31420